Lande ved delvist satellitbillede #3 - Statistics

General Stats
  • This quiz has been taken 39 times
  • The average score is 7 of 15
Answer Stats
Picture Answer % Correct
Norge
88%
Island
76%
Ægypten
67%
Irland
67%
Kina
61%
Canada
58%
Forenede Stater
58%
Rusland
58%
Australien
52%
Indien
39%
Chile
36%
Thailand
33%
Haiti
21%
Nederlandene
18%
Senegal
6%
No matching quizzes found
Score Distribution
Percent of People with Each Score
Percentile by Number Answered
Your Score History
You have not taken this quiz